[Event "Prva liga CS"]
[Site "www.sah-centralnasrbija.com"]
[Date "2013.09.19"]
[Round "?"]
[White "Milanovic Slavisa"]
[Black "Pavlovic Milos"]
[Result "0-1"]
[WhiteElo "2419"]
[BlackElo "2496"]
[PlyCount "42"]
[EventDate "2013.??.??"]

1. c4 g6 2. Nf3 Bg7 3. d4 d6 4. e4 Nf6 5. Nc3 O-O 6. h3 e5 7. d5 Nh5 8. Nh2 Na6
9. g3 Nc5 10. b4 Nd7 11. Rb1 a5 12. a3 axb4 13. axb4 f5 14. Bg2 Nf4 15. gxf4
exf4 16. Ne2 fxe4 17. Nxf4 Bc3+ 18. Kf1 Ne5 19. Ng4 Qh4 20. Rb3 Ra2 21. Be3
Rxf4 0-1

[Event "Prva liga CS"]
[Site "www.sah-centralnasrbija.com"]
[Date "2013.09.19"]
[Round "?"]
[White "Tadic Branko"]
[Black "Ivanovic Dragutin"]
[Result "1-0"]
[WhiteElo "2486"]
[BlackElo "2360"]
[PlyCount "111"]
[EventDate "2013.??.??"]

1. Nf3 Nf6 2. c4 e6 3. g3 d5 4. d4 c5 5. cxd5 Nxd5 6. Bg2 cxd4 7. O-O Be7 8.
Nxd4 O-O 9. Nc3 Nxc3 10. bxc3 e5 11. Nb5 Qa5 12. c4 Rd8 13. Qb3 Nc6 14. Be3 Be6
15. Rfd1 Rxd1+ 16. Rxd1 Rd8 17. Bd5 a6 18. Nc3 Qb4 19. Bb6 Rd7 20. Bxe6 Rxd1+
21. Nxd1 fxe6 22. Kf1 e4 23. Ne3 a5 24. Nc2 Qd2 25. Be3 Qd7 26. Kg2 Bf6 27. c5
Ne7 28. Na3 a4 29. Qb5 Qc6 30. Qxc6 Nxc6 31. Nc4 Nb4 32. a3 Nc2 33. Bc1 Bd4 34.
c6 bxc6 35. e3 Bc3 36. Kf1 Na1 37. Bd2 Bxd2 38. Nxd2 Nb3 39. Nxe4 Na5 40. Nd2
c5 41. Ke2 c4 42. Kd1 c3 43. Nb1 Kf7 44. Kc2 Nb3 45. Kxc3 Nc5 46. Kc4 Ne4 47.
f3 Nd6+ 48. Kb4 Nf5 49. e4 Nd4 50. Nd2 Ke7 51. Kxa4 Kd6 52. Kb4 Kc6 53. a4 Kb6
54. f4 Nc6+ 55. Kc4 Na5+ 56. Kc3 1-0

[Event "Prva liga CS"]
[Site "www.sah-centralnasrbija.com"]
[Date "2013.09.19"]
[Round "?"]
[White "Blesic Vaso"]
[Black "Roganovic Milos"]
[Result "1/2-1/2"]
[WhiteElo "2375"]
[BlackElo "2497"]
[PlyCount "24"]
[EventDate "2013.??.??"]

1. d4 Nf6 2. c4 g6 3. Nc3 d5 4. cxd5 Nxd5 5. g3 Bg7 6. Bg2 Nb6 7. Nf3 Nc6 8.
Bf4 O-O 9. O-O Be6 10. Qc1 Nd5 11. Bh6 Nxc3 12. bxc3 Bd5 1/2-1/2

[Event "Prva liga CS"]
[Site "www.sah-centralnasrbija.com"]
[Date "2013.09.19"]
[Round "?"]
[White "Markovic Ivan J"]
[Black "Sandic Vladeta"]
[Result "1/2-1/2"]
[WhiteElo "2471"]
[BlackElo "2326"]
[PlyCount "84"]
[EventDate "2013.??.??"]

1. e4 c6 2. d4 d5 3. f3 g6 4. Nc3 Bg7 5. Be3 e6 6. Qd2 h6 7. h4 Ne7 8. O-O-O b5
9. Nh3 Qa5 10. Kb1 b4 11. Ne2 Nd7 12. Nc1 Qb6 13. h5 g5 14. g4 a5 15. Nf2 Bb7
16. Bg2 Qc7 17. Nfd3 e5 18. dxe5 Nxe5 19. Nxe5 Qxe5 20. Nd3 Qc7 21. Bc5 O-O 22.
e5 f6 23. exf6 Bxf6 24. Rhe1 Rf7 25. f4 Bc8 26. f5 Bd7 27. Qe3 Re8 28. Bb6 Qb8
29. Qf2 a4 30. Bd4 b3 31. Nc5 Bxd4 32. Qxd4 bxc2+ 33. Kxc2 Nxf5 34. gxf5 Bxf5+
35. Kc1 a3 36. Nb3 Rfe7 37. Rxe7 Rxe7 38. bxa3 Qg3 39. Bxd5+ cxd5 40. Qxd5+ Rf7
41. Kb2 Qg4 42. Re1 Bd7 1/2-1/2

[Event "Prva liga CS"]
[Site "www.sah-centralnasrbija.com"]
[Date "2013.09.19"]
[Round "?"]
[White "Ratkovic Miloje"]
[Black "Todorovic Jovan"]
[Result "1-0"]
[WhiteElo "2261"]
[BlackElo "2418"]
[PlyCount "81"]
[EventDate "2013.??.??"]

1. d4 Nf6 2. c4 g6 3. Nc3 Bg7 4. e4 d6 5. h3 O-O 6. Nf3 e5 7. d5 Nbd7 8. Be3
Nc5 9. Nd2 a5 10. g4 c6 11. Be2 a4 12. g5 Ne8 13. h4 Bd7 14. h5 Nc7 15. a3 cxd5
16. cxd5 b5 17. f3 N7a6 18. Na2 Qb8 19. Kf2 Rc8 20. hxg6 hxg6 21. Rh2 Nb3 22.
Nxb3 axb3 23. Qxb3 Nc5 24. Qd1 b4 25. Nxb4 Ra4 26. Rc1 Rxb4 27. axb4 Qxb4 28.
Qd2 Qb3 29. Bxc5 dxc5 30. Bc4 Qb6 31. Ra1 Bb5 32. Bxb5 c4+ 33. Kg3 Qxb5 34. d6
Rd8 35. Ra5 Qb6 36. Rd5 Bf8 37. Rh1 Rxd6 38. Rxd6 Bxd6 39. Qh2 Kf8 40. Qh8+ Ke7
41. Qf6+ 1-0

[Event "Prva liga centralne Srbije 2013"]
[Site "Kragujevac"]
[Date "2013.09.19"]
[Round "8.3"]
[White "Pantelic, Sasa"]
[Black "Tomic, Bosko"]
[Result "0-1"]
[WhiteElo "2322"]
[BlackElo "2447"]
[PlyCount "104"]
[EventDate "2013.09.14"]

1. d4 Nf6 2. c4 g6 3. Nc3 Bg7 4. Nf3 O-O 5. g3 d6 6. Bg2 Nbd7 7. O-O e5 8. h3
exd4 9. Nxd4 Re8 10. Qc2 Nb6 11. b3 c5 12. Nf3 Bf5 13. Qd1 d5 14. cxd5 Nfxd5
15. Nxd5 Nxd5 16. Bg5 Qd7 17. Rc1 Nc3 18. Rxc3 Qxd1 19. Rxd1 Bxc3 20. Be3 b6
21. g4 Be6 22. Rc1 Bf6 23. Nd2 Rad8 24. Ne4 Be7 25. Nc3 Bf6 26. Ne4 Kg7 27. Bf4
Bd5 28. Bh6+ Kxh6 29. Nxf6 Bxg2 30. Nxe8 Rxe8 31. Kxg2 Rxe2 32. a4 Kg5 33. Rd1
Kf6 34. Rd8 Rb2 35. Rd7 Rxb3 36. Rxa7 Ke6 37. Rc7 Ra3 38. Rc6+ Kd5 39. Rxb6
Rxa4 40. Rb7 Rf4 41. f3 Kd4 42. Kf2 c4 43. Rd7+ Kc3 44. Ke3 g5 45. h4 h6 46.
Rd6 f6 47. Rd8 f5 48. gxf5 Rxh4 49. Rh8 Rf4 50. Rxh6 Rxf5 51. Rh5 Re5+ 52. Kf2
Kd2 0-1

[Event "Prva liga centralne Srbije 2013"]
[Site "Kragujevac"]
[Date "2013.09.19"]
[Round "8.3"]
[White "Dimitrijevic, Srdjan"]
[Black "Ivanov, Mikhail M"]
[Result "1/2-1/2"]
[WhiteElo "2307"]
[BlackElo "2398"]
[PlyCount "105"]
[EventDate "2013.09.14"]

1. d4 d5 2. Nf3 c6 3. c4 e6 4. g3 dxc4 5. Bg2 Nd7 6. O-O Ngf6 7. Qc2 b5 8. b3
cxb3 9. Qxc6 Rb8 10. axb3 Bb7 11. Qc2 Rc8 12. Qd3 Qb6 13. Nbd2 Nd5 14. Bb2 Nb4
15. Qb1 Nf6 16. Rc1 Rxc1+ 17. Qxc1 Be7 18. Bc3 O-O 19. Qb2 Rc8 20. Rc1 a5 21.
Ne5 Bxg2 22. Bxb4 Rxc1+ 23. Qxc1 Bxb4 24. Qc8+ Bf8 25. Kxg2 g5 26. Ndf3 h6 27.
Nd7 Nxd7 28. Qxd7 Bd6 29. g4 Kg7 30. h4 gxh4 31. e3 a4 32. bxa4 bxa4 33. Qxa4
Qb1 34. Nxh4 Qe4+ 35. Kg1 Qxg4+ 36. Ng2 h5 37. Kf1 h4 38. Ne1 h3 39. Qc6 Bb8
40. Qh1 Qh5 41. f4 Bc7 42. Nf3 Qb5+ 43. Kf2 Qb2+ 44. Kg3 Qe2 45. Qg1 Kf6 46.
Kh4 Ke7 47. Nh2 Qg2 48. Qxg2 hxg2 49. Nf3 f6 50. Kg3 e5 51. dxe5 fxe5 52. fxe5
Bxe5+ 53. Kxg2 1/2-1/2

[Event "Prva liga centralne Srbije 2013"]
[Site "Kragujevac"]
[Date "2013.09.19"]
[Round "8.3"]
[White "Jesic, Dusan"]
[Black "Jovic, Stanoje"]
[Result "1-0"]
[WhiteElo "2357"]
[BlackElo "2328"]
[PlyCount "77"]
[EventDate "2013.09.14"]

1. d4 Nf6 2. c4 d6 3. Nc3 Bf5 4. Nf3 h6 5. g3 Nbd7 6. Bg2 c6 7. d5 c5 8. Nh4
Bh7 9. e4 g5 10. Nf5 Bxf5 11. exf5 Bg7 12. O-O g4 13. Bf4 h5 14. Re1 Kf8 15. h3
Bh6 16. Bxh6+ Rxh6 17. h4 Ne5 18. b3 a6 19. a4 Qd7 20. Qc2 Ne8 21. Qd2 Rf6 22.
Rxe5 dxe5 23. Ne4 Qxf5 24. Nxf6 exf6 25. Qa5 Rc8 26. b4 Qd3 27. bxc5 Qd4 28.
Rb1 Qxc5 29. Qd2 Kg7 30. Rxb7 Nd6 31. Rd7 Nxc4 32. Qe2 Nb6 33. Rb7 Nxa4 34. Qe4
Qc1+ 35. Kh2 Nc5 36. Rxf7+ Kxf7 37. Qh7+ Ke8 38. d6 Kf8 39. Bd5 1-0

[Event "Prva liga centralne Srbije 2013"]
[Site "Kragujevac"]
[Date "2013.09.19"]
[Round "8.3"]
[White "Zivkovic, Nemanja"]
[Black "Radovanovic, Jovica"]
[Result "1-0"]
[WhiteElo "2274"]
[BlackElo "2335"]
[PlyCount "47"]
[EventDate "2013.09.14"]

1. e4 c5 2. Nf3 e6 3. d4 cxd4 4. Nxd4 Nf6 5. Nc3 d6 6. g4 Nc6 7. g5 Nd7 8. Be3
Be7 9. h4 O-O 10. Qd2 Nde5 11. O-O-O Ng4 12. Nxc6 bxc6 13. Bf4 Qb6 14. f3 e5
15. Bg3 Ne3 16. Bf2 Nxf1 17. Rhxf1 Qb7 18. f4 exf4 19. Qxf4 Be6 20. b3 a5 21.
Na4 c5 22. e5 dxe5 23. Qxe5 c4 24. Bd4 1-0

[Event "Prva liga centralne Srbije 2013"]
[Site "Kragujevac"]
[Date "2013.09.19"]
[Round "8.3"]
[White "Misojcic, Miroslav"]
[Black "Stankovic, Ivan G"]
[Result "0-1"]
[WhiteElo "2253"]
[BlackElo "2238"]
[PlyCount "70"]
[EventDate "2013.09.14"]

1. d4 d5 2. c4 c6 3. Nc3 Nf6 4. cxd5 cxd5 5. Bf4 Nc6 6. e3 a6 7. Bd3 e6 8. h3
Bd6 9. Bxd6 Qxd6 10. f4 b5 11. Nf3 O-O 12. O-O Bb7 13. a4 b4 14. Ne2 Na5 15.
Nc1 Rfc8 16. Nb3 Nxb3 17. Qxb3 a5 18. Rfc1 Ne4 19. Qd1 Ba6 20. Bxe4 dxe4 21.
Nd2 Qd5 22. Rxc8+ Rxc8 23. Rc1 Rc6 24. Kh2 h6 25. Nb3 Rxc1 26. Nxc1 Qc6 27. Ne2
Bxe2 28. Qxe2 Qxa4 29. Qa6 Kh7 30. Qb7 Qb3 31. Qxe4+ f5 32. Qe5 Qd5 33. Qc7 a4
34. Qc1 Qb3 35. g4 a3 0-1

[Event "Prva liga centralne Srbije 2013"]
[Site "Kragujevac"]
[Date "2013.09.19"]
[Round "8.3"]
[White "Krstic, Ranko"]
[Black "Urosevic, Zoran"]
[Result "1/2-1/2"]
[WhiteElo "2203"]
[BlackElo "2244"]
[PlyCount "109"]
[EventDate "2013.09.14"]

1. d4 Nf6 2. c4 c5 3. Nf3 e6 4. Nc3 cxd4 5. Nxd4 Nc6 6. Nc2 b6 7. e4 d6 8. Be2
Bb7 9. O-O a6 10. Be3 Be7 11. f3 O-O 12. Qe1 Qc7 13. Qf2 Nd7 14. Rac1 Nce5 15.
Na3 Nc5 16. Rfd1 Nc6 17. Nab1 Rac8 18. Nd2 Ne5 19. Nf1 f5 20. exf5 Rxf5 21. Qg3
Rcf8 22. b4 Ncd7 23. f4 Nxc4 24. Bxc4 Qxc4 25. Nd5 Bxd5 26. Rxc4 Bxc4 27. Nd2
b5 28. h3 d5 29. a3 Bd6 30. Nxc4 bxc4 31. Qe1 R5f7 32. g3 Nf6 33. Bd4 Ne4 34.
Qe3 g5 35. Bb2 Be7 36. Be5 c3 37. Kg2 Bf6 38. Qd4 gxf4 39. gxf4 Rc8 40. Kh2 c2
41. Rc1 Rc3 42. f5 Rc4 43. Qb2 Bxe5+ 44. Qxe5 Ng5 45. Qb8+ Rf8 46. Qg3 Rxf5 47.
Qg2 Rc3 48. Rxc2 Rxh3+ 49. Kg1 Kf7 50. Rc7+ Ke8 51. Qg4 Nf3+ 52. Kg2 Ng5 53.
Qd4 Rh2+ 54. Kg3 Rh3+ 55. Kg2 1/2-1/2

[Event "Prva liga centralne Srbije 2013"]
[Site "Kragujevac"]
[Date "2013.09.19"]
[Round "8.4"]
[White "Nestorovic, Nikola"]
[Black "Paunovic, Tomislav"]
[Result "1-0"]
[WhiteElo "2439"]
[BlackElo "2327"]
[PlyCount "91"]
[EventDate "2013.09.14"]

1. e4 c5 2. Nf3 d6 3. d4 cxd4 4. Qxd4 Bd7 5. c4 Nc6 6. Qe3 g6 7. Nc3 Bg7 8. Be2
Nf6 9. h3 O-O 10. O-O a6 11. Rd1 Rc8 12. Rb1 Qc7 13. b3 Ne5 14. Nxe5 dxe5 15.
Bb2 Rfd8 16. b4 e6 17. c5 Bc6 18. a4 Rd4 19. Rxd4 exd4 20. Qxd4 Nxe4 21. Qxg7+
Kxg7 22. Nd5+ f6 23. Nxc7 Rxc7 24. Re1 Kf7 25. Bc4 Bd5 26. Bd3 Nd2 27. Bc3 Nc4
28. Rc1 a5 29. b5 Ne5 30. Bxe5 fxe5 31. f3 Bb3 32. b6 Rc8 33. Bb5 Bd5 34. Kf2
g5 35. Bd7 Rb8 36. h4 Ke7 37. Bb5 gxh4 38. Rh1 Rc8 39. Rxh4 Rxc5 40. Rxh7+ Kf6
41. Rc7 Bc6 42. Rxc6 bxc6 43. b7 cxb5 44. b8=Q Rc2+ 45. Kg3 bxa4 46. Qh8+ 1-0

[Event "Prva liga centralne Srbije 2013"]
[Site "Kragujevac"]
[Date "2013.09.19"]
[Round "8.4"]
[White "Carnic, Srdjan"]
[Black "Nestorovic, Lazar"]
[Result "1-0"]
[WhiteElo "2327"]
[BlackElo "2391"]
[PlyCount "143"]
[EventDate "2013.09.14"]

1. Nf3 d5 2. d4 Nc6 3. e3 Bg4 4. h3 Bh5 5. Be2 e6 6. b3 Nf6 7. Bb2 Bd6 8. O-O
Bxf3 9. Bxf3 g5 10. Nd2 h5 11. g3 g4 12. hxg4 h4 13. Kg2 hxg3 14. fxg3 Bxg3 15.
Rh1 Bh4 16. Qe2 Qe7 17. Rh3 O-O-O 18. Rah1 Nd7 19. c4 Nf8 20. Nf1 Ng6 21. Ng3
Qg5 22. cxd5 exd5 23. Nf5 Rde8 24. Qd3 Re6 25. Bc3 Qd8 26. Bd2 Kb8 27. Qb5 Qg5
28. Qxd5 Rd8 29. Qc4 Nce5 30. Qe2 Nxg4 31. Nxh4 Nxe3+ 32. Kf2 Ng4+ 33. Kf1 Qf6
34. Qb5 c6 35. Qg5 Qxd4 36. Bxg4 Re4 37. Nxg6 fxg6 38. Qxd8+ Qxd8 39. Rh8 Re8
40. Bf4+ Ka8 41. Rxe8 Qxe8 42. Be3 Qf7+ 43. Ke2 Qf6 44. Rd1 b6 45. Bf3 Kb8 46.
Rd4 Qf5 47. Bf4+ Kb7 48. Rc4 Ka6 49. Bxc6 b5 50. Be4 Qg4+ 51. Bf3 Qe6+ 52. Re4
Qf6 53. Be5 Qf5 54. Bd4 g5 55. Be3 Ka5 56. Bd2+ Ka6 57. b4 Qh3 58. Re7 Qh2+ 59.
Kd1 Qd6 60. Re4 Qd5 61. Ke2 Qxa2 62. Rg4 Qe6+ 63. Re4 Qf5 64. Re7 Qc8 65. Be4
Qc4+ 66. Ke1 Qc8 67. Be3 Qc3+ 68. Ke2 Qb2+ 69. Bd2 Qa2 70. Kf3 Qb3+ 71. Be3
Qd1+ 72. Kf2 1-0

[Event "Prva liga centralne Srbije 2013"]
[Site "Kragujevac"]
[Date "2013.09.19"]
[Round "8.4"]
[White "Stankovic, Milos"]
[Black "Nikolic, Boban"]
[Result "1/2-1/2"]
[WhiteElo "2407"]
[BlackElo "2255"]
[PlyCount "59"]
[EventDate "2013.09.14"]

1. e4 d6 2. d4 Nf6 3. Nc3 g6 4. Nf3 Bg7 5. h3 O-O 6. Be3 a6 7. a4 b6 8. e5 Nfd7
9. e6 fxe6 10. Bc4 Nf6 11. d5 e5 12. Ng5 h6 13. Nf3 Qe8 14. Qd2 g5 15. Bd3 Nbd7
16. h4 Qh5 17. O-O-O g4 18. Ng5 Nc5 19. Bxc5 bxc5 20. f3 Rb8 21. Rdf1 Rb4 22.
b3 gxf3 23. gxf3 Rxh4 24. Rxh4 Qxh4 25. Ne6 Bxe6 26. dxe6 e4 27. fxe4 Qg3 28.
e5 Qxe5 29. Rg1 Kh8 30. Re1 1/2-1/2

[Event "Prva liga centralne Srbije 2013"]
[Site "Kragujevac"]
[Date "2013.09.19"]
[Round "8.5"]
[White "Galkin, Alexander"]
[Black "Parligras, Mircea-Emilian"]
[Result "1/2-1/2"]
[WhiteElo "2626"]
[BlackElo "2560"]
[PlyCount "46"]
[EventDate "2013.09.14"]

1. Nf3 d5 2. d4 Nf6 3. c4 e6 4. Bg5 h6 5. Bxf6 Qxf6 6. e3 dxc4 7. Bxc4 c5 8.
O-O cxd4 9. exd4 Bd6 10. Nc3 O-O 11. Re1 Nd7 12. Qe2 Nb6 13. Bb3 Bd7 14. Ne5
Bxe5 15. Qxe5 Bc6 16. d5 Qxe5 17. Rxe5 exd5 18. Nxd5 Nxd5 19. Bxd5 Bxd5 20.
Rxd5 Rfd8 21. Rad1 Rxd5 22. Rxd5 Rc8 23. g3 Rc2 1/2-1/2

[Event "Prva liga centralne Srbije 2013"]
[Site "Kragujevac"]
[Date "2013.09.19"]
[Round "8.5"]
[White "Perunovic, Miodrag"]
[Black "Marinkovic, Slavisa"]
[Result "0-1"]
[WhiteElo "2418"]
[BlackElo "2388"]
[PlyCount "118"]
[EventDate "2013.09.14"]

1. e4 e6 2. d4 d5 3. Nc3 Nf6 4. Bg5 dxe4 5. Nxe4 Be7 6. Bxf6 gxf6 7. Nf3 b6 8.
Bb5+ c6 9. Bc4 Bb7 10. Qe2 Nd7 11. O-O-O Qc7 12. Kb1 O-O-O 13. Ba6 Bxa6 14.
Qxa6+ Kb8 15. Rhe1 Rhe8 16. g3 Nf8 17. c4 f5 18. Nc3 Bb4 19. Re3 Bxc3 20. Rxc3
e5 21. d5 Ne6 22. Rcc1 Nc5 23. Qa3 cxd5 24. cxd5 Qb7 25. d6 Rd7 26. Nh4 Re6 27.
Ka1 Rexd6 28. Rxd6 Rxd6 29. Nxf5 Rd3 30. Qb4 Qe4 31. Qxe4 Nxe4 32. Ne7 Kb7 33.
f4 exf4 34. gxf4 Rd2 35. h4 Nc5 36. Nf5 a5 37. Nh6 f6 38. Ng4 Nd3 39. Rb1 f5
40. Ne3 Rf2 41. a3 Rxf4 42. Rd1 Nc5 43. Kb1 Rxh4 44. Nxf5 Rh2 45. Rd6 Na4 46.
Rh6 Rxh6 47. Nxh6 Kc6 48. Kc2 Kd5 49. b3 Nc5 50. Kc3 Ne4+ 51. Kd3 Nd6 52. Ng4
Ke6 53. a4 h5 54. Ne3 Ke5 55. Ng2 Nf5 56. b4 axb4 57. Kc4 Ke4 58. Kxb4 Kf3 59.
Ne1+ Kg3 0-1

[Event "Prva liga centralne Srbije 2013"]
[Site "Kragujevac"]
[Date "2013.09.19"]
[Round "8.5"]
[White "Zivkovic, Sava"]
[Black "Radovanovic, Dusan"]
[Result "1/2-1/2"]
[WhiteElo "2353"]
[BlackElo "2377"]
[PlyCount "58"]
[EventDate "2013.09.14"]

1. e4 c5 2. Nf3 d6 3. d4 cxd4 4. Nxd4 Nf6 5. Nc3 Nc6 6. g3 g6 7. Nde2 h5 8. h3
Bd7 9. Bg2 Qc8 10. Bg5 Bg7 11. Rc1 Rb8 12. Nd5 Nh7 13. Qd2 Nxg5 14. Qxg5 Bh6
15. Nf6+ exf6 16. Qxf6 O-O 17. Rd1 Qd8 18. Qxd8 Rfxd8 19. Rxd6 Be6 20. Rxd8+
Rxd8 21. f4 Nb4 22. e5 Nxc2+ 23. Kf2 Bf8 24. Bxb7 Bc5+ 25. Kf3 Rd3+ 26. Kg2 Rd2
27. Kf3 Nd4+ 28. Nxd4 Bxd4 29. b4 Rxa2 1/2-1/2

[Event "Prva liga centralne Srbije 2013"]
[Site "Kragujevac"]
[Date "2013.09.19"]
[Round "8.5"]
[White "Ignjatovic, Predrag"]
[Black "Radivojevic, Ivan"]
[Result "1/2-1/2"]
[WhiteElo "2290"]
[BlackElo "2352"]
[PlyCount "50"]
[EventDate "2013.09.14"]

1. e4 c6 2. d4 d5 3. Nd2 dxe4 4. Nxe4 Nd7 5. Bc4 Ngf6 6. Nxf6+ Nxf6 7. c3 e6 8.
Nf3 Be7 9. O-O O-O 10. Qe2 Nd7 11. Bf4 b5 12. Bb3 a5 13. Rfe1 a4 14. Bc2 Bb7
15. Rad1 Re8 16. Ne5 Nxe5 17. dxe5 Qc7 18. Rd3 Rad8 19. Rh3 g6 20. Rxh7 Kxh7
21. Qh5+ Kg8 22. Bxg6 fxg6 23. Qxg6+ Kh8 24. Qh5+ Kg8 25. Qg6+ Kh8 1/2-1/2

[Event "Prva liga centralne Srbije 2013"]
[Site "Kragujevac"]
[Date "2013.09.19"]
[Round "8.5"]
[White "Vuckovic, Branko"]
[Black "Nenadovic, Ljubisa"]
[Result "0-1"]
[WhiteElo "2263"]
[BlackElo "2189"]
[PlyCount "54"]
[EventDate "2013.09.14"]

1. e4 c5 2. Nf3 e6 3. Nc3 a6 4. d4 cxd4 5. Qxd4 Nc6 6. Qd3 Qc7 7. Bg5 Be7 8.
Bxe7 Ngxe7 9. g3 b5 10. Bg2 Bb7 11. O-O O-O 12. Rfd1 Rfd8 13. Qe3 Rac8 14. a4
b4 15. Nd5 exd5 16. exd5 Nf5 17. Qg5 Na5 18. Qxf5 Qxc2 19. Qf4 Rc4 20. Qd6 Nb3
21. Rab1 Bc8 22. Bf1 Rc7 23. Qxb4 a5 24. Qb6 Re8 25. Bd3 Rb7 26. Re1 Qxb1 27.
Kg2 Qxe1 0-1

[Event "Prva liga centralne Srbije 2013"]
[Site "Kragujevac"]
[Date "2013.09.19"]
[Round "8.6"]
[White "Mrsevic, Miroslav"]
[Black "Ilic, Zoran S"]
[Result "0-1"]
[WhiteElo "2286"]
[BlackElo "2285"]
[PlyCount "120"]
[EventDate "2013.09.14"]

1. e4 c5 2. d3 Nc6 3. g3 g6 4. Bg2 Bg7 5. Nc3 d6 6. Be3 Rb8 7. Qd2 b5 8. Nge2
b4 9. Nd1 Nd4 10. O-O e6 11. Nc1 Qb6 12. c3 bxc3 13. bxc3 Nc6 14. h3 Ba6 15. f4
Nge7 16. Rf2 O-O 17. g4 f5 18. gxf5 gxf5 19. Nb3 e5 20. fxe5 Nxe5 21. Nb2 fxe4
22. Bxe4 Bb7 23. Raf1 Bxe4 24. dxe4 Qc6 25. Rxf8+ Rxf8 26. Rxf8+ Kxf8 27. Qg2
N7g6 28. Nc4 Kg8 29. Nxe5 Bxe5 30. h4 Kf7 31. h5 Nf8 32. Qf3+ Ke8 33. Bh6 Nd7
34. Qf5 Kd8 35. Qxh7 Bxc3 36. Bg5+ Kc7 37. Qe7 c4 38. Nc1 Qa4 39. Kg2 Kc6 40.
Qe8 Kb7 41. Kh3 Be5 42. Be3 Kc7 43. Qa8 Nb6 44. Qf8 Qa3 45. Qf7+ Kb8 46. Qf3
Bd4 47. Nb3 Bxe3 48. Nd4 Bc1 49. Qxa3 Bxa3 50. h6 Bb2 51. Nf3 Bh8 52. Kg4 c3
53. Ne1 Nc4 54. Nc2 Kc7 55. Kf5 Nd2 56. Kf4 Kc6 57. Ke3 Nc4+ 58. Ke2 Kc5 59. h7
Ne5 60. Ne3 Nf7 0-1

[Event "Prva liga centralne Srbije 2013"]
[Site "Kragujevac"]
[Date "2013.09.19"]
[Round "8.6"]
[White "Mitrovic, Darko R"]
[Black "Dumic, Marko"]
[Result "1/2-1/2"]
[WhiteElo "2278"]
[BlackElo "2266"]
[PlyCount "75"]
[EventDate "2013.09.14"]

1. e4 e6 2. d4 d5 3. Nc3 Bb4 4. e5 c5 5. Bd2 Ne7 6. Nb5 Bxd2+ 7. Qxd2 O-O 8. f4
cxd4 9. Nxd4 Nbc6 10. Ngf3 Qb6 11. O-O-O Bd7 12. Kb1 Rac8 13. c3 Nxd4 14. Nxd4
Nc6 15. Nf3 Na5 16. Qd4 Qxd4 17. Nxd4 a6 18. Bd3 Nc6 19. Rhf1 Nxd4 20. cxd4 f6
21. exf6 Rxf6 22. Rc1 Rxc1+ 23. Kxc1 Kf8 24. Kd2 Ke7 25. Ke3 h6 26. h4 Rf8 27.
Rc1 Rc8 28. Rxc8 Bxc8 29. g4 Bd7 30. f5 exf5 31. Bxf5 g5 32. Bxd7 Kxd7 33. hxg5
hxg5 34. Kd3 Kc6 35. a4 b5 36. Kc3 a5 37. b3 b4+ 38. Kd3 1/2-1/2

[Event "Prva liga centralne Srbije 2013"]
[Site "Kragujevac"]
[Date "2013.09.19"]
[Round "8.6"]
[White "Brajovic, Miroljub"]
[Black "Djukic, Stevan"]
[Result "1/2-1/2"]
[WhiteElo "2135"]
[BlackElo "2252"]
[PlyCount "34"]
[EventDate "2013.09.14"]

1. e4 e6 2. d4 d5 3. exd5 exd5 4. c4 Nf6 5. Nc3 Be7 6. Nf3 O-O 7. Be2 dxc4 8.
Bxc4 Bg4 9. Be3 Nbd7 10. O-O Nb6 11. Be2 Nfd5 12. Ne5 Bxe2 13. Qxe2 c6 14. Qg4
Qc8 15. Qf3 f6 16. Nd3 Re8 17. Rfe1 Bf8 1/2-1/2